000 01700cam a2200349 i 4500
001 016760513
003 EG-ScBUE
005 20250731102309.0
008 140626s2014 enkadk f b 001 0 eng d
020 _a9780123868763 (hbk.)
020 _a0123868769 (hbk.)
040 _aStDuBDS
_beng
_erda
_cStDuBDS
_dEG-ScBUE
_dEG-ScBUE
082 0 4 _222
_a542.4
_bDIS
245 0 0 _aDistillation :
_boperation and applications /
_cedited by Andrzej Górak, Hartmut Schoenmakers.
264 1 _aLondon :
_bAcademic Press / Elsevier,
_c2014.
300 _axx, 445 pages :
_acharts, forms, tables ;
_c24 cm
336 _2rdacontent
_atext
_btxt
337 _2rdamedia
_aunmediated
_bn
338 _2rdacarrier
_avolume
_bnc
504 _aIncludes bibliographical references and index.
520 _aDistillation: Operation and Applications is a single source of authoritative information on all aspects of the theory and practice of modern distillation, suitable for advanced students and professionals working in a laboratory, industrial plants, or a managerial capacity. It addresses the most important and current research on industrial distillation, including all steps in process design (feasibility study, modeling, and experimental validation), together with operation and control aspects. This volume features an extra focus on distillation applications.
590 _aWessam
650 7 _aDistillation.
_2BUEsh
_941614
651 _2BUEsh
653 _bENGGEN
_cJanuary2016
653 _bENGGEN
_cJune2015
653 _bENGCHE
_cOctober2016
655 _vReading book
700 1 _aGórak, Andrzej‏
_eeditor.
_941615
700 1 _aSchoenmakers, Hartmut,
_eeditor.
_941616
942 _2ddc
_cBB
999 _c20038
_d20010